[Event "Chigorin Memorial 2019"]
[Site "St Petersburg RUS"]
[Date "2019.10.07"]
[Round "3.158"]
[White "Sladkov, Andrey"]
[Black "Kulnev, Aleksandr"]
[Result "0-1"]
[WhiteElo "1806"]
[BlackElo "1536"]
[WhiteFideId "24160350"]
[BlackFideId "54157544"]
[EventDate "2019.10.05"]

1. e4 c5 2. c3 d5 3. exd5 Qxd5 4. Nf3 Nc6 5. d4 Bg4 6. Be2 cxd4 7. cxd4 e6 8.
Nc3 Bb4 9. O-O Bxc3 10. bxc3 Nge7 11. Qb3 O-O 12. Ba3 Rfc8 13. h3 Bf5 14. Rac1
Rc7 15. Nh4 Be4 16. Bf3 g5 17. Bxe4 Qxe4 18. Nf3 g4 19. Rfe1 Qg6 20. hxg4 Qxg4
21. Ne5 Nxe5 22. dxe5 Nd5 23. Qd1 Qxd1 24. Rexd1 Rac8 25. Rd4 Rc4 26. Rxc4 Rxc4
27. Bb2 b5 28. f3 Nf4 29. Rc2 Nd3 30. Ba1 Nxe5 31. Kf2 a6 32. Ke3 Kf8 33. g4 Nc6
34. Rh2 Kg7 35. Rd2 Ne7 36. Rd6 Nd5+ 37. Kd3 Nc7 38. Rd4 Rc6 39. c4 Kf8 40. cxb5
Nxb5 41. Rd8+ Ke7 42. Rh8 Rd6+ 43. Ke3 Rd1 44. Bg7 Re1+ 45. Kf4 Rh1 46. g5 Nc7
47. Be5 Nd5+ 48. Kg4 Rg1+ 49. Kh4 Rf1 50. Kg3 Rg1+ 51. Kh4 Ne3 52. Ra8 Nf5+ 53.
Kh3 Rxg5 54. Rxa6 Rh5+ 55. Kg2 Ne3+ 0-1

[Event "Chigorin Memorial 2019"]
[Site "St Petersburg RUS"]
[Date "2019.10.07"]
[Round "3.159"]
[White "Vershinina, Anastasiia"]
[Black "Kiselev, Viktor"]
[Result "1-0"]
[WhiteElo "1466"]
[BlackElo "1773"]
[WhiteFideId "54106559"]
[BlackFideId "24119075"]
[EventDate "2019.10.05"]

1. d4 d5 2. c4 Nf6 3. Nc3 e6 4. a3 Be7 5. Bf4 a6 6. e3 O-O 7. Nf3 Nbd7 8. Rc1 c6
9. c5 Re8 10. Bd3 Nf8 11. h3 N6d7 12. g4 Ng6 13. g5 Kf8 14. h4 f6 15. Qc2 e5 16.
dxe5 fxe5 17. Nxe5 Ngxe5 18. Bxe5 Bxc5 19. Bf4 d4 20. Ne2 Bb6 21. Rd1 1-0

[Event "Chigorin Memorial 2019"]
[Site "St Petersburg RUS"]
[Date "2019.10.07"]
[Round "3.160"]
[White "Korolev, Artem"]
[Black "Laukhina, Margarita A."]
[Result "1/2-1/2"]
[WhiteElo "1459"]
[BlackElo "1770"]
[WhiteFideId "44170017"]
[BlackFideId "54192730"]
[EventDate "2019.10.05"]

1. c4 c6 2. Nc3 d5 3. cxd5 cxd5 4. d4 Nc6 5. Bf4 e6 6. e3 Nf6 7. Nf3 Be7 8. Bb5
O-O 9. h3 Qb6 10. O-O a6 11. Bxc6 bxc6 12. Qc2 Bd7 13. Ne5 Rac8 14. Bg5 Qd8 15.
Na4 Be8 16. Bxf6 gxf6 17. Nd3 Kh8 18. f4 Rg8 19. f5 Rg5 20. Ndc5 Qd6 21. fxe6
fxe6 22. Qf2 Bg6 23. Nb6 Rg8 24. Kh1 Bf5 25. g4 Be4+ 26. Nxe4 dxe4 27. Qf4 Qd8
28. Nc4 Qf8 29. Qxe4 Qh6 30. Kg2 f5 31. Qe5+ R8g7 32. Rh1 Bf6 33. Qxe6 fxg4 34.
hxg4 Rxg4+ 35. Kf3 Rg3+ 36. Ke2 Qg6 37. Rhf1 Rg2+ 38. Kf3 Qg3+ 39. Ke4 Rg4+ 40.
Kf5 Rg6 41. Ke4 Rg4+ 1/2-1/2

[Event "Chigorin Memorial 2019"]
[Site "St Petersburg RUS"]
[Date "2019.10.07"]
[Round "3.161"]
[White "Bugaev, Anton"]
[Black "Panchenko, Sergey"]
[Result "1/2-1/2"]
[WhiteElo "1758"]
[BlackElo "1465"]
[WhiteFideId "54176085"]
[BlackFideId "54158354"]
[EventDate "2019.10.05"]

1. d4 Nf6 2. c4 c6 3. Nf3 d5 4. Qc2 g6 5. Bf4 Bf5 6. Qb3 Qb6 7. c5 Qxb3 8. axb3
Bg7 9. Nc3 Nbd7 10. e3 Ne4 11. b4 O-O 12. Be2 f6 13. Nxe4 Bxe4 14. O-O e5 15.
Bg3 a6 16. Rfd1 h6 17. Nd2 Bf5 18. e4 dxe4 19. dxe5 Nxe5 20. Bxe5 fxe5 21. Nc4
Be6 22. Nd6 Rab8 23. Bc4 Bxc4 24. Nxc4 Rfc8 25. Nd6 Kf8 26. Kf1 Ke7 27. Ke2 Ke6
28. Nxe4 Bf8 29. Ke3 1/2-1/2

[Event "Chigorin Memorial 2019"]
[Site "St Petersburg RUS"]
[Date "2019.10.07"]
[Round "3.162"]
[White "Starkov, Alexandr"]
[Black "Vorobyova, Ekaterina"]
[Result "0-1"]
[WhiteElo "1453"]
[BlackElo "1748"]
[WhiteFideId "54146763"]
[BlackFideId "34166006"]
[EventDate "2019.10.05"]

1. d4 d5 2. Bf4 Nf6 3. e3 e6 4. Nf3 c5 5. c3 Nc6 6. Bd3 Be7 7. h3 O-O 8. Nbd2
Nh5 9. Bh2 f5 10. Ne5 Nf6 11. Ndf3 c4 12. Bc2 Bd7 13. Nxd7 Nxd7 14. O-O b5 15.
b3 Qa5 16. b4 Qa3 17. Qc1 Qxc1 18. Rfxc1 a5 19. a3 Nf6 20. Ng5 Nd8 21. Bc7 Ne4
22. Nxe4 fxe4 23. Bxa5 Nc6 24. Bc7 Ra7 25. Bh2 Rfa8 26. a4 bxa4 27. Ra3 Na5 28.
Rca1 Nb3 29. R1a2 Nc1 30. Ra1 Ne2+ 31. Kf1 Nxc3 32. b5 Bxa3 33. Rxa3 Nxb5 34.
Ra1 a3 35. f3 exf3 36. gxf3 a2 37. Be5 Nc3 38. e4 Rb7 39. Ke1 Rb1+ 40. Bxb1
axb1=Q+ 41. Rxb1 Nxb1 42. Bd6 Ra2 43. exd5 exd5 44. h4 Na3 45. f4 c3 46. f5 c2
47. Bxa3 Rxa3 48. Kd2 Ra4 49. Kxc2 0-1

[Event "Chigorin Memorial 2019"]
[Site "St Petersburg RUS"]
[Date "2019.10.07"]
[Round "3.163"]
[White "Trushnikov, Viacheslav"]
[Black "Borisenko, Ekaterina"]
[Result "0-1"]
[WhiteElo "1723"]
[BlackElo "1442"]
[WhiteFideId "24115185"]
[BlackFideId "34276416"]
[EventDate "2019.10.05"]

1. c4 c5 2. Nf3 Nf6 3. Nc3 Nc6 4. d4 cxd4 5. Nxd4 g6 6. e4 Qa5 7. f3 Bg7 8. Nb3
Qd8 9. Be3 O-O 10. Be2 d6 11. O-O Bd7 12. Qd2 Rc8 13. Rac1 Ne5 14. Nd5 b6 15.
Bg5 Nxd5 16. cxd5 Re8 17. Ba6 Rxc1 18. Rxc1 b5 19. Qa5 Qb8 20. Qc7 Qb6+ 21. Qxb6
axb6 22. Rc7 Ra8 23. Bb7 Rxa2 24. f4 f6 25. Bh4 Nd3 26. Kf1 Bg4 27. h3 Bd1 28.
Nc1 Nxc1 29. Rxc1 Bb3 30. Rc7 Bf8 31. Bc8 Rxb2 32. Be6+ Kh8 33. e5 dxe5 34. fxe5
fxe5 35. Rc3 Bc4+ 36. Kg1 Rb3 37. Rxb3 Bxb3 38. Bf2 Bc4 39. Bxb6 Kg7 40. Ba5 Kf6 0-1

[Event "Chigorin Memorial 2019"]
[Site "St Petersburg RUS"]
[Date "2019.10.07"]
[Round "3.164"]
[White "Kalashnikov, Fedor"]
[Black "Ageeva, Vasilisa"]
[Result "1/2-1/2"]
[WhiteElo "1387"]
[BlackElo "1742"]
[WhiteFideId "34294031"]
[BlackFideId "24186120"]
[EventDate "2019.10.05"]

1. e4 c5 2. Nf3 e6 3. d4 cxd4 4. Nxd4 Nf6 5. f3 Nc6 6. Nc3 Bb4 7. Bg5 Qa5 8. Nb5
a6 9. Bxf6 gxf6 10. Nd6+ Ke7 11. Nc4 Bxc3+ 12. bxc3 Qxc3+ 13. Kf2 Qd4+ 14. Qxd4
Nxd4 15. c3 Nc6 16. Nb6 Rb8 17. Rd1 Rd8 18. Be2 d6 19. Rd2 Na5 20. Rhd1 d5 21.
exd5 Rd6 22. Nc4 Nxc4 23. Bxc4 b5 24. Bb3 Bb7 25. dxe6 Rxd2+ 26. Rxd2 fxe6 27.
Re2 e5 28. f4 Rc8 29. Re3 Kd6 30. Rd3+ Ke7 31. Re3 Kd6 1/2-1/2

[Event "Chigorin Memorial 2019"]
[Site "St Petersburg RUS"]
[Date "2019.10.07"]
[Round "3.165"]
[White "Kleschev, Semen"]
[Black "Snegovsky-Orlov, Alexandr"]
[Result "0-1"]
[WhiteElo "1328"]
[BlackElo "1731"]
[WhiteFideId "24234338"]
[BlackFideId "4131487"]
[EventDate "2019.10.05"]

1. Nf3 Nf6 2. c4 g6 3. Nc3 Bg7 4. e4 d6 5. d4 O-O 6. Be2 e5 7. O-O Nc6 8. d5 Ne7
9. Nd2 Nd7 10. b4 b6 11. a4 a5 12. Ba3 f5 13. f3 Nf6 14. bxa5 Rxa5 15. Bb4 Ra8
16. a5 c5 17. dxc6 Nxc6 18. Qb3 Nxb4 19. c5+ Kh8 20. Qxb4 dxc5 21. Qb2 Qd4+ 22.
Kh1 Rxa5 23. Nb3 Qb4 24. Na2 Rxa2 25. Qxa2 Be6 26. Rab1 fxe4 27. fxe4 Qxe4 28.
Bf3 Qh4 29. Qa6 Bc4 30. Qxb6 Bxf1 31. Rxf1 e4 32. Be2 Ng4 33. Qd6 Rd8 34. Qg3
Qxg3 35. hxg3 Ne3 36. Rc1 c4 37. Bxc4 Bb2 0-1

[Event "Chigorin Memorial 2019"]
[Site "St Petersburg RUS"]
[Date "2019.10.07"]
[Round "3.166"]
[White "Chagina, Ulyana"]
[Black "Koroleva, Mariya"]
[Result "1-0"]
[WhiteElo "1605"]
[BlackElo "1355"]
[WhiteFideId "44158785"]
[BlackFideId "34276424"]
[EventDate "2019.10.05"]

1. d4 f5 2. Nf3 Nf6 3. c4 e6 4. Qc2 b6 5. Bf4 Bb7 6. Nc3 Bb4 7. a3 Bxc3+ 8. Qxc3
a5 9. h3 Be4 10. Nd2 d6 11. Nxe4 Nxe4 12. Qc2 Qf6 13. e3 e5 14. dxe5 dxe5 15.
Bh2 O-O 16. Be2 Nd7 17. O-O a4 18. Qd1 Qd6 19. g4 Rf6 20. Bf3 Ndc5 21. Qc2 Qe6
22. Rad1 c6 23. Kh1 Raf8 24. Bg2 Rh6 25. Kg1 Ng5 26. gxf5 Rxf5 27. Rd8+ Kf7 28.
Rd6 Nxh3+ 29. Kh1 Nxf2+ 30. Rxf2 Qxd6 31. Qxf5+ Rf6 32. Qh5+ Kg8 33. Qe8+ Rf8
34. Rxf8+ Qxf8 35. Qxf8+ Kxf8 36. Bxe5 1-0

[Event "Chigorin Memorial 2019"]
[Site "St Petersburg RUS"]
[Date "2019.10.07"]
[Round "3.167"]
[White "Lekhtonen, Yaroslav"]
[Black "Gagonin, Aleksandr"]
[Result "1-0"]
[WhiteElo "1716"]
[BlackElo "1306"]
[WhiteFideId "24269484"]
[BlackFideId "34427031"]
[EventDate "2019.10.05"]

1. d4 Nf6 2. c4 e6 3. Nc3 Bb4 4. e3 c5 5. Ne2 Ne4 6. a3 Qf6 7. f3 Bxc3+ 8. bxc3
Nd6 9. Ng3 cxd4 10. cxd4 Nf5 11. Nxf5 Qxf5 12. e4 Qg6 13. e5 Nc6 14. Be3 O-O 15.
Qd3 Qh5 16. f4 b6 17. Qe2 Qh4+ 18. g3 Qe7 19. Bg2 Ba6 20. Qa2 Rac8 21. d5 Na5
22. d6 Qd8 23. c5 Nc4 24. Bd4 bxc5 25. Bc3 Ne3 26. Bf3 Bd3 27. Rc1 c4 28. Bd4
Qa5+ 29. Qd2 Qxd2+ 30. Kxd2 Nd5 31. Bxa7 Ra8 32. Bc5 Rfb8 33. Bb4 Ra6 34. Bxd5
exd5 35. Kc3 f6 36. Kd4 f5 37. Rhe1 Be4 38. Rc3 Kf7 39. Rcc1 Ke6 40. Rg1 h6 41.
Kc3 g5 42. Kd4 Rg8 1-0

[Event "Chigorin Memorial 2019"]
[Site "St Petersburg RUS"]
[Date "2019.10.07"]
[Round "3.168"]
[White "Lysenko, Olesya"]
[Black "Kuleshov, Dmitrii"]
[Result "0-1"]
[WhiteElo "1706"]
[BlackElo "1245"]
[WhiteFideId "34106100"]
[BlackFideId "24276880"]
[EventDate "2019.10.05"]

1. e4 c5 2. Nc3 d6 3. f4 Nf6 4. Nf3 e6 5. d3 Be7 6. g3 O-O 7. Bg2 d5 8. O-O Nc6
9. Ne5 Nxe5 10. fxe5 Nd7 11. exd5 exd5 12. Nxd5 Nxe5 13. Nxe7+ Qxe7 14. Bf4 Re8
15. Qe2 Bg4 16. Qxe5 Qxe5 17. Bxe5 Rxe5 18. Rae1 Rae8 19. Rxe5 Rxe5 20. Bxb7 Re2
21. Rf2 Re7 22. Bd5 Bh3 23. Rf4 g5 24. Re4 Rd7 25. Bc4 Rd6 26. Re5 Rf6 27. Rxg5+
Kf8 28. d4 cxd4 29. Rd5 Bf5 30. Bd3 Bxd3 31. cxd3 Rb6 32. b3 Ra6 33. a4 Rb6 34.
Rb5 Rxb5 35. axb5 Ke7 36. Kf2 Kd6 37. Kf3 Kc5 38. Ke4 Kxb5 39. Kxd4 Kb4 40. Ke5
Kxb3 41. d4 Kc4 0-1

[Event "Chigorin Memorial 2019"]
[Site "St Petersburg RUS"]
[Date "2019.10.07"]
[Round "3.169"]
[White "Andreeva, Anastasiia"]
[Black "Mirzoyan, Samvel"]
[Result "1-0"]
[WhiteElo "1691"]
[BlackElo "1203"]
[WhiteFideId "44131542"]
[BlackFideId "34338063"]
[EventDate "2019.10.05"]

1. c4 Nf6 2. Nc3 e5 3. g3 Nc6 4. Bg2 Bc5 5. e3 O-O 6. Nge2 d6 7. O-O Be6 8. d4
exd4 9. exd4 Nxd4 10. Nxd4 Bxc4 11. Re1 c6 12. Bg5 h6 13. Be3 Qd7 14. Nc2 Bxe3
15. Nxe3 Be6 16. Ne4 Nxe4 17. Bxe4 Bh3 18. Qd3 f5 19. Bh1 f4 20. Nc4 fxg3 21.
hxg3 Rf6 22. Rad1 Kh8 23. Ne5 Qc7 24. Ng6+ Kh7 25. Nf4+ Bf5 26. Be4 Bxe4 27.
Rxe4 Kg8 28. Re6 Raf8 29. Qxd6 Qxd6 30. Rdxd6 Rxe6 31. Rxe6 Kf7 32. Rd6 1-0

[Event "Chigorin Memorial 2019"]
[Site "St Petersburg RUS"]
[Date "2019.10.07"]
[Round "3.170"]
[White "Lezin, Aleksandr"]
[Black "Vorontsov, Dmitry"]
[Result "1/2-1/2"]
[WhiteElo "1307"]
[BlackElo "1683"]
[WhiteFideId "54147239"]
[BlackFideId "24156892"]
[EventDate "2019.10.05"]

1. e4 c5 2. Nf3 Nc6 3. Bb5 g6 4. Bxc6 dxc6 5. h3 Bg7 6. d3 e5 7. Bg5 Qc7 8. Nbd2
Ne7 9. O-O h6 10. Be3 b6 11. a4 Be6 12. a5 O-O 13. Ne1 g5 14. Qh5 Ng6 15. g3 Nf4
16. gxf4 exf4 17. Bxc5 bxc5 18. c3 Rab8 19. Rb1 Qxa5 20. e5 Qc7 21. Nef3 Bf5 22.
h4 Bxd3 23. hxg5 hxg5 24. Kg2 Bxf1+ 25. Rxf1 g4 26. Ng5 f3+ 27. Kh1 Rfe8 28. e6
fxe6 29. Qh7+ Kf8 30. Qg6 Qf4 31. Nde4 Re7 32. Nh7+ Kg8 33. Nhf6+ Kf8 34. Nh7+
Kg8 35. Nhf6+ Kf8 1/2-1/2

[Event "Chigorin Memorial 2019"]
[Site "St Petersburg RUS"]
[Date "2019.10.07"]
[Round "3.173"]
[White "Terman, Elizaveta"]
[Black "Petrova, Varvara"]
[Result "1/2-1/2"]
[WhiteElo "1100"]
[BlackElo "1647"]
[WhiteFideId "34297014"]
[BlackFideId "54191254"]
[EventDate "2019.10.05"]

1. d4 Nf6 2. c4 e6 3. Nf3 c5 4. e3 cxd4 5. exd4 d5 6. Bg5 Nc6 7. cxd5 Qa5+ 8.
Nc3 Nxd5 9. Bd2 Be7 10. Qc2 Ndb4 11. Qb3 Qd8 12. Bb5 O-O 13. Bxc6 Nxc6 14. Be3
Bf6 15. Rd1 Qa5 16. O-O Rd8 17. Ne4 Be7 18. Nc3 Bb4 19. a3 Bf8 20. Qc2 Qc7 21.
Ng5 f5 22. d5 Ne5 23. dxe6 Ng4 24. g3 Nxe3 25. fxe3 Rxd1 26. Rxd1 h6 27. Qb3 Be7
28. Nf3 Qc5 29. Nd5 Bxe6 30. Qxb7 Bxd5 31. Qxd5+ Qxd5 32. Rxd5 g6 33. Ne5 Kg7
34. Rd7 Kf6 35. Nc6 Bc5 36. Nd4 Re8 37. Kf2 Re7 38. Rxe7 Kxe7 39. b4 Bb6 40. Ke2
Kd6 41. Kd3 Kd5 42. Nb5 a6 43. Nc3+ Kc6 44. e4 Kd6 45. exf5 gxf5 46. Nd1 Bc7 47.
Ne3 Ke5 48. Nc4+ Kd5 1/2-1/2

[Event "Chigorin Memorial 2019"]
[Site "St Petersburg RUS"]
[Date "2019.10.07"]
[Round "3.175"]
[White "Shceglov, Mikhail"]
[Black "Tsapalin, Sergey"]
[Result "0-1"]
[WhiteElo "1590"]
[BlackElo "1932"]
[WhiteFideId "44164130"]
[BlackFideId "4107071"]
[EventDate "2019.10.05"]

1. e4 c5 2. Nf3 Nc6 3. d4 cxd4 4. Nxd4 g6 5. Be3 Bg7 6. Nc3 Nf6 7. Bc4 O-O 8.
Bb3 a5 9. a4 Ng4 10. Nxc6 Nxe3 11. Nxe7+ Qxe7 12. fxe3 Bxc3+ 13. bxc3 Qh4+ 14.
Kd2 Qxe4 15. Qf3 Qe7 16. Rhf1 Ra6 17. Ke2 Rc6 18. c4 b6 19. Rad1 Ba6 20. Rd4
Rfc8 21. Qd5 Re8 22. Rf3 Re6 23. Rd3 d6 24. Qd4 d5 25. cxd5 Bxd3+ 26. cxd3 Rd6
27. Bc4 Rc8 28. g3 f6 29. h4 Qe5 30. Qxe5 fxe5 31. e4 Kg7 32. Rf2 Rf6 33. Rg2
Kf8 34. Kd2 Ke7 35. Bb5 Rcf8 36. Ke3 Rf3+ 37. Ke2 Rf1 38. Ke3 Re1+ 39. Re2 Rg1
40. d4 Rxg3+ 41. Kd2 Kd6 42. Bc6 Ra3 43. Kc1 Rf1+ 44. Kb2 Rfa1 45. dxe5+ Kxe5
46. Bb5 R1a2+ 0-1

[Event "Chigorin Memorial 2019"]
[Site "St Petersburg RUS"]
[Date "2019.10.08"]
[Round "4.1"]
[White "Zontakh, Andrey"]
[Black "Kovalenko, Igor"]
[Result "0-1"]
[WhiteTitle "GM"]
[BlackTitle "GM"]
[WhiteElo "2485"]
[BlackElo "2674"]
[WhiteFideId "14101130"]
[BlackFideId "14117908"]
[EventDate "2019.10.05"]

1. d4 Nf6 2. c4 c5 3. d5 g6 4. Nc3 Bg7 5. e4 d6 6. h3 O-O 7. Nf3 e6 8. Bd3 Na6
9. O-O e5 10. a3 Ne8 11. Bg5 Qc7 12. Re1 f5 13. exf5 gxf5 14. Nh4 Qf7 15. Bc2
Bf6 16. Nf3 Kh8 17. Ba4 Nac7 18. Qd2 Rg8 19. Bxf6+ Nxf6 20. Ng5 Qg6 21. f4 e4
22. Nb5 Nxb5 23. Bxb5 a6 24. Ba4 b5 25. Bb3 h6 26. Ne6 Bxe6 27. dxe6 bxc4 28.
Bxc4 d5 29. Bf1 Rae8 30. Qc3 Rxe6 31. Qxc5 Qg3 32. Qe3 Qxe3+ 33. Rxe3 Nh5 34.
Rd1 Nxf4 35. Kh2 Rd6 36. g4 fxg4 37. hxg4 Rxg4 38. Rxe4 Rdg6 39. Re8+ Kg7 40.
Bh3 Rh4 41. Re3 Rg2+ 42. Kh1 Rxb2 43. Rg1+ Kf6 44. Rf1 d4 45. Re6+ 0-1

[Event "Chigorin Memorial 2019"]
[Site "St Petersburg RUS"]
[Date "2019.10.08"]
[Round "4.2"]
[White "Khismatullin, Denis"]
[Black "Nesterov, Arseniy"]
[Result "1/2-1/2"]
[WhiteTitle "GM"]
[WhiteElo "2611"]
[BlackElo "2473"]
[WhiteFideId "4142578"]
[BlackFideId "24198455"]
[EventDate "2019.10.05"]

1. c4 e5 2. Nc3 Bb4 3. Nd5 Bc5 4. Nf3 c6 5. Nc3 d6 6. e3 Nf6 7. d4 exd4 8. exd4
Bb4 9. Bd3 Qe7+ 10. Be3 Ng4 11. Qd2 Nxe3 12. fxe3 Bg4 13. O-O Nd7 14. Rae1 O-O
15. Qc2 Nf6 16. e4 Bxf3 17. Rxf3 c5 18. Re2 g6 19. e5 Bxc3 20. Qxc3 Nd7 21. dxc5
dxe5 22. Be4 Qxc5+ 23. Kh1 Rab8 24. b4 Qe7 25. c5 a5 26. a3 axb4 27. axb4 Nf6
28. Bc2 Nd5 29. Qe1 Rfe8 30. Bb3 Rbd8 31. Ba4 e4 32. Bxe8 Rxe8 33. Rf1 Qe5 34.
Qd2 e3 35. Qb2 Qe4 36. Ree1 Nxb4 37. Qf6 Qe6 38. Rxe3 Qxe3 39. Qxf7+ Kh8 40.
Qf6+ Kg8 1/2-1/2

[Event "Chigorin Memorial 2019"]
[Site "St Petersburg RUS"]
[Date "2019.10.08"]
[Round "4.3"]
[White "Smirin, Ilia"]
[Black "Gusain, Himal"]
[Result "1-0"]
[WhiteTitle "GM"]
[BlackTitle "IM"]
[WhiteElo "2599"]
[BlackElo "2420"]
[WhiteFideId "2801990"]
[BlackFideId "5033861"]
[EventDate "2019.10.05"]

1. e4 c5 2. Nf3 Nc6 3. Bb5 g6 4. Bxc6 dxc6 5. d3 Bg7 6. h3 Nf6 7. O-O Nd7 8.
Nbd2 b6 9. Re1 Nf8 10. a3 a5 11. Rb1 a4 12. b4 axb3 13. Rxb3 Ne6 14. c4 O-O 15.
Qc2 Bd7 16. Bb2 Nd4 17. Bxd4 cxd4 18. Qb2 b5 19. e5 bxc4 20. Nxc4 Be6 21. Qxd4
Bd5 22. Nfd2 f6 23. Qe3 fxe5 24. Ne4 Rf4 25. f3 Qf8 26. Rb7 Rf7 27. Nb6 Rd8 28.
a4 e6 29. Rxf7 Qxf7 30. a5 Qc7 31. Kh1 Bf8 32. Ra1 Be7 33. a6 c5 34. Nc4 Ra8 35.
Qc1 Qb8 36. Qc3 Ra7 37. Qa5 Qb4 38. Qb6 Qxb6 39. Nxb6 Bd8 40. Nxd5 exd5 41. Nc3
Kf7 42. Nxd5 Ke6 43. Nc3 Kd7 44. Kg1 Kc6 45. Kf2 Kb6 46. Ke3 Rxa6 47. Nd5+ Kb7
48. Rxa6 Kxa6 49. Ke4 Kb5 50. Ne3 Bc7 51. Nc4 Kc6 52. g4 Bb8 53. Nxe5+ Kd6 54.
f4 Bc7 55. f5 gxf5+ 56. Kxf5 Ke7 57. g5 Bd6 58. h4 Bc7 59. h5 Bd6 60. Ng4 Bg3
61. Nf6 h6 62. Ng8+ Kd6 63. gxh6 Be5 64. Nf6 Ke7 65. Ke4 1-0

[Event "Chigorin Memorial 2019"]
[Site "St Petersburg RUS"]
[Date "2019.10.08"]
[Round "4.4"]
[White "Peng, Xiongjian"]
[Black "Kokarev, Dmitry"]
[Result "1/2-1/2"]
[BlackTitle "GM"]
[WhiteElo "2476"]
[BlackElo "2601"]
[WhiteFideId "8610550"]
[BlackFideId "4132181"]
[EventDate "2019.10.05"]

1. d4 Nf6 2. Nf3 g6 3. g3 c5 4. Bg2 Bg7 5. O-O O-O 6. c4 cxd4 7. Nxd4 Nc6 8. Nc3
Qa5 9. e3 d6 10. Qd2 Qh5 11. Nce2 Nxd4 12. exd4 e5 13. Re1 Re8 14. d5 Bh3 15.
Qg5 Bxg2 16. Kxg2 e4 17. Qxh5 Nxh5 18. Rb1 f5 19. Be3 Be5 20. a4 a6 21. a5 Rac8
22. Rec1 Re7 23. b4 Nf6 24. b5 Rec7 25. bxa6 bxa6 26. Rb4 Kf7 27. h4 Nd7 28. Nf4
Bxf4 29. Bxf4 Ke7 30. Bg5+ Kf7 31. Bf4 Ke7 32. Bg5+ Kf7 33. Bf4 Ke7 34. Bg5+ 1/2-1/2

[Event "Chigorin Memorial 2019"]
[Site "St Petersburg RUS"]
[Date "2019.10.08"]
[Round "4.5"]
[White "Zhao, Yuanhe"]
[Black "Yuffa, Daniil"]
[Result "1/2-1/2"]
[BlackTitle "GM"]
[WhiteElo "2457"]
[BlackElo "2577"]
[WhiteFideId "8609497"]
[BlackFideId "24131423"]
[EventDate "2019.10.05"]

1. Nf3 Nf6 2. c4 g6 3. Nc3 Bg7 4. g3 O-O 5. Bg2 d6 6. O-O e5 7. d3 Re8 8. Nd2 c6
9. Nde4 Nxe4 10. Nxe4 Na6 11. Rb1 d5 12. cxd5 cxd5 13. Nc3 Be6 14. Qb3 Nc5 15.
Qa3 Qd6 16. Bd2 b6 17. b4 Nd7 18. Qa6 Nf6 19. Nb5 Qd7 20. Rfc1 Rec8 21. a4 Bg4
22. Bg5 Bxe2 23. Nc3 Ne4 24. Nxe4 dxe4 25. Bxe4 Rab8 26. Rxc8+ Rxc8 27. a5 h6
28. Be3 f5 29. Bd5+ Kh7 30. axb6 axb6 31. Re1 Rd8 32. Rxe2 Qxd5 33. Qxb6 Qxd3
34. Re1 Rd5 35. Qc6 g5 36. Bc5 f4 37. Qe6 Rd8 38. Qe7 Rd7 39. Qe6 Rd8 40. Qe7
Rd7 41. Qe6 1/2-1/2

[Event "Chigorin Memorial 2019"]
[Site "St Petersburg RUS"]
[Date "2019.10.08"]
[Round "4.6"]
[White "Yanchenko, Roman"]
[Black "Sivuk, Vitaly"]
[Result "1/2-1/2"]
[WhiteTitle "FM"]
[BlackTitle "GM"]
[WhiteElo "2454"]
[BlackElo "2559"]
[WhiteFideId "4137329"]
[BlackFideId "14116502"]
[EventDate "2019.10.05"]

1. d4 Nf6 2. c4 g6 3. Nf3 Bg7 4. g3 c5 5. Bg2 Qa5+ 6. Bd2 Qb6 7. dxc5 Qxc5 8.
Qb3 Ne4 9. Be3 Qa5+ 10. Nbd2 Nc6 11. O-O Nd6 12. c5 Nf5 13. Nc4 Qa6 14. Bf4 O-O
15. e4 Nfd4 16. Nxd4 Nxd4 17. Qd3 d6 18. cxd6 exd6 19. Be3 Be6 20. Rfc1 Nc6 21.
Bf1 Rad8 22. Qc2 d5 23. Nb6 Qa5 24. Nxd5 Bxd5 25. exd5 Rxd5 26. Qb3 Rd7 27. Rc5
Qd8 28. Bh3 Nd4 29. Qc4 b6 30. Bxd7 bxc5 31. Bg4 h5 32. Bd1 Qb6 33. Rb1 a5 34.
b3 Re8 35. Rc1 Re5 36. Qf1 Qe6 37. Bd2 Re2 38. Bxa5 Rxa2 39. Bc3 h4 40. b4 c4
41. Ra1 Rxa1 42. Bxa1 Nb3 43. Bxg7 Kxg7 44. gxh4 Nd4 45. h5 gxh5 46. Bxh5 Qe4
47. Qg2+ Qxg2+ 48. Kxg2 c3 49. Bd1 Kf6 50. h4 Kf5 51. Kg3 f6 52. Ba4 c2 53.
Bxc2+ Nxc2 54. b5 Nd4 55. b6 Nc6 56. b7 Nb8 57. Kf3 Ke5 1/2-1/2

[Event "Chigorin Memorial 2019"]
[Site "St Petersburg RUS"]
[Date "2019.10.08"]
[Round "4.8"]
[White "Bocharov, Ivan"]
[Black "Polschikov, Alexey"]
[Result "1-0"]
[WhiteTitle "IM"]
[BlackTitle "FM"]
[WhiteElo "2557"]
[BlackElo "2416"]
[WhiteFideId "4180887"]
[BlackFideId "24130583"]
[EventDate "2019.10.05"]

1. e4 c5 2. Nf3 d6 3. d4 cxd4 4. Qxd4 Nc6 5. Qe3 Nf6 6. Be2 g6 7. O-O Bg7 8. Rd1
O-O 9. c4 Ng4 10. Qb3 Be6 11. Nc3 Na5 12. Qb4 Qb6 13. Qxb6 axb6 14. Ng5 Bxc3 15.
bxc3 Bd7 16. Rb1 Ne5 17. Rxb6 Rfc8 18. f4 Nexc4 19. Rb4 Be8 20. a4 Rc7 21. Nf3
e5 22. g4 Rac8 23. Kf2 Rc5 24. g5 Bc6 25. Bd3 Re8 26. Nd4 Bd7 27. Nb5 exf4 28.
Bxf4 Bg4 29. Rc1 Rd8 30. h4 Ne5 31. Bf1 Nac6 32. Rbb1 Be6 33. Rd1 Bc4 34. Rxd6
Rxd6 35. Nxd6 Bxf1 36. Kxf1 Rxc3 37. Bxe5 Nxe5 38. Rxb7 Kf8 39. a5 Ra3 40. Ra7
Rd3 41. Nb5 Rd2 42. Ra6 Ke7 43. Rb6 Nf3 44. Rf6 Rb2 45. Rxf3 Rxb5 46. Ra3 Rb7
47. a6 Ra7 48. Ke2 Kd6 49. Ke3 Kc7 50. Kd4 Kb8 51. Rb3+ 1-0

[Event "Chigorin Memorial 2019"]
[Site "St Petersburg RUS"]
[Date "2019.10.08"]
[Round "4.9"]
[White "Vokhidov, Shamsiddin"]
[Black "Poznyak, Nazar"]
[Result "1-0"]
[WhiteTitle "IM"]
[WhiteElo "2519"]
[BlackElo "2124"]
[WhiteFideId "14204223"]
[BlackFideId "14159902"]
[EventDate "2019.10.05"]

1. e4 c5 2. Nf3 Nf6 3. e5 Nd5 4. g3 Nc6 5. Bg2 e6 6. O-O Qc7 7. Re1 a6 8. b3 f5
9. Bb2 b5 10. d3 Bb7 11. c4 bxc4 12. dxc4 Nde7 13. Nc3 Nc8 14. Qd2 Nb6 15. Rad1
Be7 16. Nd5 exd5 17. cxd5 Nxd5 18. Qxd5 Nd4 19. Qxb7 Ne2+ 20. Rxe2 Qxb7 21. Nd4
Qc8 22. Nxf5 Kf8 23. e6 dxe6 24. Bxg7+ Kf7 25. Nxe7 Kxe7 26. Bxh8 Qxh8 27. Bxa8
Qxa8 28. Rde1 h5 29. Rxe6+ Kf7 30. Re7+ Kf6 31. R1e6+ Kf5 32. Re5+ Kf6 33. Re8 1-0